Orientaciones sobre intervención sindical en drogodependencias /

Na minha lista:
Detalhes bibliográficos
Autor principal: Díaz, Mariano
Autor Corporativo: Confederal de Acción Sindical Comisiones Obreras
Outros Autores: et. al
Formato: Texto
Publicado em: Madrid: CC.OO
Tags: Adicionar Tag
Sem tags, seja o primeiro a adicionar uma tag!

MARC

LEADER 00000 a a2200000 04500
001 23923
003
040
090 |a 169000  
100 |a Díaz, Mariano  
110 |a Confederal de Acción Sindical Comisiones Obreras  
245 |a Orientaciones sobre intervención sindical en drogodependencias /  |c Mariano Díaz 
260 |a Madrid:   |b CC.OO  
300 |a 111 p  
700 |a et. al  
999 |c 15781  |d 15781